ბათუმის შოთა რუსთაველის სახელმწიფო უნივერსიტეტის ბიბლიოთეკა

მებაღეობის დიდი ენციკლოპედია / (ბიბ.ჩანაწერი № 62571)

000 -ლიდერი
ფიქსირებული სიგრძის საკონტროლო ველი 01562nam a22002417a 4500
003 - საკონტროლო ნომრის იდენტიფიკატორი
საკონტროლო ველი Ge_BSU
005 - ბოლო ოპერაციის თარიღი და დრო
საკონტროლო ველი 20241209144039.0
008 - ფიქსირებული სიგრძის მონაცემთა ელემენტები - ზოგადი ინფორმაცია
ფიქსირებული სიგრძის საკონტროლო ველი 241209s2016 ge ||||| |||| 00| 0 geo d
020 ## - წიგნის საერთაშორისო სტანდარტული ნომერი
International Standard Book Number 9789941241390
041 ## - ენის კოდი
Language code of text/sound track or separate title geo
080 ## - უნივერსალური ათობითი კლასიფიკაციის ინდექსი
Universal Decimal Classification number 634(031)დ-31
100 ## - მთავარი ჩანაწერი - პიროვნების სახელი
Personal name დელვო, კატრინ.
9 (RLIN) 23917
245 ## - ცნობა სათაურის შესახებ
Title მებაღეობის დიდი ენციკლოპედია /
Statement of responsibility, etc ტექსტის ავტორი კატრინ დელვო ; მხატვარი მიშელ ლოპე ; მთარგმნელები: შორენა ციცაგი, ქეთევან ქურციკიძე, თინა ბელიაშვილი ; რედაქტორი მანანა თურქია ; დიზაინერი რატი თორდია.
264 ## - წარმოების, გამოცემის, დისტრიბუციის და სხვა ცნობები
გამოცემის, წარმოების, დისტრიბუციის... ადგილი თბილისი :
გამოცემის, წარმოების, დისტრიბუციის... სახელწოდება პალიტრა L,
გამოცემის, წარმოების, დისტრიბუციის... თარიღი 2016.
300 ## - ფიზიკური აღწერა
Extent 384 გვ. :
Other physical details 26 სმ.
Dimensions ფოტ.
500 ## - ზოგადი შენიშვნა
General note საძიებელი: გვ. 374-382.
653 ## - INDEX TERM--UNCONTROLLED
Uncontrolled term მებაღეობის დიდი ენციკლოპედია
700 ## - ADDED ENTRY--PERSONAL NAME
Personal name ციცაგი, შორენა
Relator term მთარგმნელი
9 (RLIN) 23918
700 ## - ADDED ENTRY--PERSONAL NAME
Personal name ქურციკიძე, ქეთევან
Relator term მთარგმნელი
9 (RLIN) 23919
700 ## - ADDED ENTRY--PERSONAL NAME
Personal name ბელიაშვილი, თინა
Relator term მთარგმნელი
9 (RLIN) 23920
700 ## - ADDED ENTRY--PERSONAL NAME
Personal name თურქია, მანანა
Relator term რედაქტორი და სხვ.
9 (RLIN) 23921
942 ## - ADDED ENTRY ELEMENTS (KOHA)
Source of classification or shelving scheme
Koha item type წიგნი
ეგზემპლარები
ჩამოწერის სტატუსი დაკარგული ეგზემპლარის სტატუსი კლასიფიკაციის წყარო ან თაროზე გაწყობის სქემა დაზიანების სტატუსი არ გაიცემა მუდმივი მდებარეობა (დაცვის ადგილი) ამჟამინდელი ადგილსამყოფელი თაროზე განთავსების ადგილი შეძენის თარიღი ღირებულება, შესყიდვის ნორმალური ფასი სრული შენახვის შიფრი შტრიხკოდი ბოლო ოპერაციის თარიღი ეგზემპლარის მიმდევრობითი ნომერი (კეტერი?) ფასის ძალაში შესვლის თარიღი ეგზემპლარის სახეობა საჯარო შენიშვნა
          აგრარული და მემბრანული ტექნოლოგიების ინსტიტუტის ბიბლიოთეკა აგრარული და მემბრანული ტექნოლოგიების ინსტიტუტის ბიბლიოთეკა წიგნსაცავი 2024-12-09 30.00 634(031)დ-31 69936 2024-12-09 69936 2024-12-09 წიგნი 30.00